00287nam a2200109Ia 4500008004100000041000800041082002000049100001400069245002500083260005600108300001300164230627s9999 xx 000 0 und d amar a345.025 23bDAS aDas P. K. aFamous Murder Trials aDelhibUniversal Law Publishing Co. Pvt. Ltd.c2007 aXII+429p